<?xml version="1.0" encoding="UTF-8"?>
<collection xmlns="http://www.loc.gov/MARC21/slim">
 <record>
  <leader>05070cam a2200937   4500</leader>
  <controlfield tag="001">1030738041</controlfield>
  <controlfield tag="003">DE-627</controlfield>
  <controlfield tag="005">20240816193949.0</controlfield>
  <controlfield tag="007">tu</controlfield>
  <controlfield tag="008">180912s2018    gw |||||      00| ||ger c</controlfield>
  <datafield tag="015" ind1=" " ind2=" ">
   <subfield code="a">18,N37</subfield>
   <subfield code="2">dnb</subfield>
  </datafield>
  <datafield tag="016" ind1="7" ind2=" ">
   <subfield code="a">1166433579</subfield>
   <subfield code="2">DE-101</subfield>
  </datafield>
  <datafield tag="020" ind1=" " ind2=" ">
   <subfield code="a">9783867323222</subfield>
   <subfield code="c"> : circa EUR 39.80 (DE), circa EUR 41.00 (AT)</subfield>
   <subfield code="9">978-3-86732-322-2</subfield>
  </datafield>
  <datafield tag="020" ind1=" " ind2=" ">
   <subfield code="a">3867323224</subfield>
   <subfield code="9">3-86732-322-4</subfield>
  </datafield>
  <datafield tag="024" ind1="3" ind2=" ">
   <subfield code="a">9783867323222</subfield>
  </datafield>
  <datafield tag="035" ind1=" " ind2=" ">
   <subfield code="a">(DE-627)1030738041</subfield>
  </datafield>
  <datafield tag="035" ind1=" " ind2=" ">
   <subfield code="a">(DE-576)515058122</subfield>
  </datafield>
  <datafield tag="035" ind1=" " ind2=" ">
   <subfield code="a">(DE-599)DNB1166433579</subfield>
  </datafield>
  <datafield tag="035" ind1=" " ind2=" ">
   <subfield code="a">(OCoLC)1080890849</subfield>
  </datafield>
  <datafield tag="035" ind1=" " ind2=" ">
   <subfield code="a">(OCoLC)1080890849</subfield>
  </datafield>
  <datafield tag="040" ind1=" " ind2=" ">
   <subfield code="a">DE-627</subfield>
   <subfield code="b">ger</subfield>
   <subfield code="c">DE-627</subfield>
   <subfield code="e">rda</subfield>
  </datafield>
  <datafield tag="041" ind1=" " ind2=" ">
   <subfield code="a">ger</subfield>
  </datafield>
  <datafield tag="044" ind1=" " ind2=" ">
   <subfield code="c">XA-DE-BE</subfield>
   <subfield code="c">XA-DE</subfield>
  </datafield>
  <datafield tag="082" ind1="0" ind2=" ">
   <subfield code="a">726.77104359362</subfield>
   <subfield code="q">DE-101</subfield>
  </datafield>
  <datafield tag="082" ind1="0" ind2="4">
   <subfield code="a">720</subfield>
   <subfield code="a">230</subfield>
   <subfield code="q">DE-101</subfield>
  </datafield>
  <datafield tag="084" ind1=" " ind2=" ">
   <subfield code="a">KUNST</subfield>
   <subfield code="q">DE-16</subfield>
   <subfield code="2">fid</subfield>
  </datafield>
  <datafield tag="084" ind1=" " ind2=" ">
   <subfield code="a">LK 47220</subfield>
   <subfield code="2">rvk</subfield>
   <subfield code="0">(DE-625)rvk/97911:</subfield>
  </datafield>
  <datafield tag="084" ind1=" " ind2=" ">
   <subfield code="a">11.50</subfield>
   <subfield code="2">bkl</subfield>
  </datafield>
  <datafield tag="084" ind1=" " ind2=" ">
   <subfield code="a">21.70</subfield>
   <subfield code="2">bkl</subfield>
  </datafield>
  <datafield tag="084" ind1=" " ind2=" ">
   <subfield code="a">20.05</subfield>
   <subfield code="2">bkl</subfield>
  </datafield>
  <datafield tag="245" ind1="1" ind2="4">
   <subfield code="a">Das Benediktinerkloster St. Michaelis in Lüneburg</subfield>
   <subfield code="b">Bau, Kunst, Geschichte : Festschrift anlässlich der 600. Wiederkehr der Weihe des Langhauses am 11. Juli 1418</subfield>
   <subfield code="c">herausgegeben von Hansjörg Rümelin</subfield>
  </datafield>
  <datafield tag="246" ind1="1" ind2=" ">
   <subfield code="i">Abweichender Titel</subfield>
   <subfield code="a">St. Michaelis in Lüneburg</subfield>
  </datafield>
  <datafield tag="246" ind1="3" ind2="0">
   <subfield code="a">Sankt</subfield>
  </datafield>
  <datafield tag="246" ind1="3" ind2="3">
   <subfield code="a">Benediktinerkloster Sankt Michaelis in Lüneburg</subfield>
  </datafield>
  <datafield tag="250" ind1=" " ind2=" ">
   <subfield code="a">Erstausgabe, 1. Auflage</subfield>
  </datafield>
  <datafield tag="264" ind1=" " ind2="1">
   <subfield code="a">Berlin</subfield>
   <subfield code="b">Lukas Verlag</subfield>
   <subfield code="c">2018</subfield>
  </datafield>
  <datafield tag="300" ind1=" " ind2=" ">
   <subfield code="a">543 Seiten</subfield>
   <subfield code="b">Illustrationen, Karten, Pläne</subfield>
   <subfield code="c">31 cm</subfield>
  </datafield>
  <datafield tag="336" ind1=" " ind2=" ">
   <subfield code="a">Text</subfield>
   <subfield code="b">txt</subfield>
   <subfield code="2">rdacontent</subfield>
  </datafield>
  <datafield tag="336" ind1=" " ind2=" ">
   <subfield code="a">unbewegtes Bild</subfield>
   <subfield code="b">sti</subfield>
   <subfield code="2">rdacontent</subfield>
  </datafield>
  <datafield tag="337" ind1=" " ind2=" ">
   <subfield code="a">ohne Hilfsmittel zu benutzen</subfield>
   <subfield code="b">n</subfield>
   <subfield code="2">rdamedia</subfield>
  </datafield>
  <datafield tag="338" ind1=" " ind2=" ">
   <subfield code="a">Band</subfield>
   <subfield code="b">nc</subfield>
   <subfield code="2">rdacarrier</subfield>
  </datafield>
  <datafield tag="500" ind1=" " ind2=" ">
   <subfield code="a">Literaturverzeichnis: Seite 483-504</subfield>
  </datafield>
  <datafield tag="583" ind1="1" ind2=" ">
   <subfield code="a">Archivierung/Langzeitarchivierung gewährleistet</subfield>
   <subfield code="f">FID</subfield>
   <subfield code="x">XA-DE-BW</subfield>
   <subfield code="2">pdager</subfield>
   <subfield code="5">DE-16</subfield>
  </datafield>
  <datafield tag="655" ind1=" " ind2="7">
   <subfield code="a">Festschrift</subfield>
   <subfield code="0">(DE-588)4016928-5</subfield>
   <subfield code="0">(DE-627)104400986</subfield>
   <subfield code="0">(DE-576)208917802</subfield>
   <subfield code="2">gnd-content</subfield>
  </datafield>
  <datafield tag="689" ind1="0" ind2="0">
   <subfield code="d">g</subfield>
   <subfield code="0">(DE-588)1176995170</subfield>
   <subfield code="0">(DE-627)1048288951</subfield>
   <subfield code="0">(DE-576)517231107</subfield>
   <subfield code="a">Klosteranlage des ehemaligen Benediktinerklosters Sankt Michaelis</subfield>
   <subfield code="g">Lüneburg</subfield>
   <subfield code="2">gnd</subfield>
  </datafield>
  <datafield tag="689" ind1="0" ind2="1">
   <subfield code="d">g</subfield>
   <subfield code="0">(DE-588)4354059-4</subfield>
   <subfield code="0">(DE-627)181254220</subfield>
   <subfield code="0">(DE-576)211556289</subfield>
   <subfield code="a">Sankt Michaelis</subfield>
   <subfield code="g">Lüneburg</subfield>
   <subfield code="2">gnd</subfield>
  </datafield>
  <datafield tag="689" ind1="0" ind2="2">
   <subfield code="a">z</subfield>
   <subfield code="2">gnd</subfield>
   <subfield code="a">Geschichte</subfield>
  </datafield>
  <datafield tag="689" ind1="0" ind2=" ">
   <subfield code="5">DE-101</subfield>
  </datafield>
  <datafield tag="689" ind1="1" ind2="0">
   <subfield code="d">b</subfield>
   <subfield code="0">(DE-588)4036515-3</subfield>
   <subfield code="0">(DE-627)106242008</subfield>
   <subfield code="0">(DE-576)209019077</subfield>
   <subfield code="a">Sankt Michaelis Lüneburg</subfield>
   <subfield code="b">Kloster</subfield>
   <subfield code="2">gnd</subfield>
  </datafield>
  <datafield tag="689" ind1="1" ind2="1">
   <subfield code="a">z</subfield>
   <subfield code="2">gnd</subfield>
   <subfield code="a">Geschichte</subfield>
  </datafield>
  <datafield tag="689" ind1="1" ind2=" ">
   <subfield code="5">(DE-627)</subfield>
  </datafield>
  <datafield tag="689" ind1="2" ind2="0">
   <subfield code="d">g</subfield>
   <subfield code="0">(DE-588)1176995170</subfield>
   <subfield code="0">(DE-627)1048288951</subfield>
   <subfield code="0">(DE-576)517231107</subfield>
   <subfield code="a">Klosteranlage des ehemaligen Benediktinerklosters Sankt Michaelis</subfield>
   <subfield code="g">Lüneburg</subfield>
   <subfield code="2">gnd</subfield>
  </datafield>
  <datafield tag="689" ind1="2" ind2="1">
   <subfield code="d">g</subfield>
   <subfield code="0">(DE-588)4354059-4</subfield>
   <subfield code="0">(DE-627)181254220</subfield>
   <subfield code="0">(DE-576)211556289</subfield>
   <subfield code="a">Sankt Michaelis</subfield>
   <subfield code="g">Lüneburg</subfield>
   <subfield code="2">gnd</subfield>
  </datafield>
  <datafield tag="689" ind1="2" ind2="2">
   <subfield code="d">s</subfield>
   <subfield code="0">(DE-588)4002851-3</subfield>
   <subfield code="0">(DE-627)104280352</subfield>
   <subfield code="0">(DE-576)208848975</subfield>
   <subfield code="a">Architektur</subfield>
   <subfield code="2">gnd</subfield>
  </datafield>
  <datafield tag="689" ind1="2" ind2="3">
   <subfield code="d">s</subfield>
   <subfield code="0">(DE-588)4138356-4</subfield>
   <subfield code="0">(DE-627)105643300</subfield>
   <subfield code="0">(DE-576)209685352</subfield>
   <subfield code="a">Ausstattung</subfield>
   <subfield code="2">gnd</subfield>
  </datafield>
  <datafield tag="689" ind1="2" ind2="4">
   <subfield code="a">z</subfield>
   <subfield code="2">gnd</subfield>
   <subfield code="a">Geschichte</subfield>
  </datafield>
  <datafield tag="689" ind1="2" ind2=" ">
   <subfield code="5">(DE-627)</subfield>
  </datafield>
  <datafield tag="700" ind1="1" ind2=" ">
   <subfield code="a">Rümelin, Hansjörg</subfield>
   <subfield code="d">1959-</subfield>
   <subfield code="e">HerausgeberIn</subfield>
   <subfield code="0">(DE-588)138657955</subfield>
   <subfield code="0">(DE-627)604886152</subfield>
   <subfield code="0">(DE-576)286590220</subfield>
   <subfield code="4">edt</subfield>
  </datafield>
  <datafield tag="710" ind1="2" ind2=" ">
   <subfield code="a">Sankt Michaelis Lüneburg</subfield>
   <subfield code="b">Kloster</subfield>
   <subfield code="e">GefeierteR</subfield>
   <subfield code="0">(DE-588)4036515-3</subfield>
   <subfield code="0">(DE-627)106242008</subfield>
   <subfield code="0">(DE-576)209019077</subfield>
   <subfield code="4">hnr</subfield>
  </datafield>
  <datafield tag="710" ind1="2" ind2=" ">
   <subfield code="a">Lukas Verlag für Kunst- und Geistesgeschichte</subfield>
   <subfield code="e">Verlag</subfield>
   <subfield code="0">(DE-588)106579813X</subfield>
   <subfield code="0">(DE-627)816704805</subfield>
   <subfield code="0">(DE-576)425484025</subfield>
   <subfield code="4">pbl</subfield>
  </datafield>
  <datafield tag="787" ind1="0" ind2="8">
   <subfield code="i">Rezensiert in</subfield>
   <subfield code="a">Otte, Hans, 1950 - </subfield>
   <subfield code="t">[Rezension zu: Das Benediktinerkloster St. Michaelis in Lüneburg. Bau, Kunst, Geschichte. Berlin: Lukas-Verlag, 2018]</subfield>
   <subfield code="d">2019</subfield>
   <subfield code="w">(DE-627)177755098X</subfield>
  </datafield>
  <datafield tag="787" ind1="0" ind2="8">
   <subfield code="i">Rezensiert in</subfield>
   <subfield code="a">Albrecht, Uwe, 1954 - </subfield>
   <subfield code="t">[Rezension von: Hansjörg Rümelin (Hrsg.), Das Benediktinerkloster St. Michaelis in Lüneburg]</subfield>
   <subfield code="d">2019</subfield>
   <subfield code="w">(DE-627)1834108624</subfield>
  </datafield>
  <datafield tag="787" ind1="0" ind2="8">
   <subfield code="i">Rezensiert in</subfield>
   <subfield code="a">Rasche, Anja</subfield>
   <subfield code="t">[Rezension von: Hansjörg Rümelin (Hg.), Das Benediktinerkloster St. Michaelis in Lüneburg. Bau – Kunst – Geschichte. Festschrift anlässlich der 600. Wiederkehr der Weihe des Langhauses am 11. Juli 1418, Berlin: Lukas Verlag, 2018]</subfield>
   <subfield code="d">2022</subfield>
   <subfield code="w">(DE-627)1839064579</subfield>
  </datafield>
  <datafield tag="856" ind1="4" ind2="2">
   <subfield code="u">https://www.gbv.de/dms/art-berlin/1030738041.pdf</subfield>
   <subfield code="m">V:DE-601</subfield>
   <subfield code="m">B:DE-B11</subfield>
   <subfield code="q">pdf/application</subfield>
   <subfield code="3">Inhaltsverzeichnis</subfield>
  </datafield>
  <datafield tag="936" ind1="r" ind2="v">
   <subfield code="a">LK 47220</subfield>
   <subfield code="b">Lüneburg</subfield>
   <subfield code="k">Kunstgeschichte</subfield>
   <subfield code="k">Kunst nach Ländern bzw. Kontinenten</subfield>
   <subfield code="k">Deutschland</subfield>
   <subfield code="k">Kunsttopografie Deutschlands</subfield>
   <subfield code="k">Orte Deutschlands</subfield>
   <subfield code="k">Orte L</subfield>
   <subfield code="k">Lüneburg</subfield>
   <subfield code="0">(DE-627)1271296691</subfield>
   <subfield code="0">(DE-625)rvk/97911:</subfield>
   <subfield code="0">(DE-576)201296691</subfield>
  </datafield>
  <datafield tag="936" ind1="b" ind2="k">
   <subfield code="a">11.50</subfield>
   <subfield code="j">Kirchengeschichte</subfield>
   <subfield code="j">Dogmengeschichte</subfield>
   <subfield code="0">(DE-627)106403877</subfield>
  </datafield>
  <datafield tag="936" ind1="b" ind2="k">
   <subfield code="a">21.70</subfield>
   <subfield code="j">Geschichte der Sakralbaukunst</subfield>
   <subfield code="0">(DE-627)106421255</subfield>
  </datafield>
  <datafield tag="936" ind1="b" ind2="k">
   <subfield code="a">20.05</subfield>
   <subfield code="j">Kunst in Beziehung zu anderen Wissenschaftsgebieten</subfield>
   <subfield code="0">(DE-627)106415824</subfield>
  </datafield>
  <datafield tag="951" ind1=" " ind2=" ">
   <subfield code="a">BO</subfield>
  </datafield>
  <datafield tag="990" ind1=" " ind2=" ">
   <subfield code="a">Klosteranlage des ehemaligen Benediktinerklosters Sankt Michaelis</subfield>
  </datafield>
  <datafield tag="990" ind1=" " ind2=" ">
   <subfield code="a">Sankt Michaelis</subfield>
  </datafield>
  <datafield tag="990" ind1=" " ind2=" ">
   <subfield code="a">Geschichte</subfield>
  </datafield>
  <datafield tag="990" ind1=" " ind2=" ">
   <subfield code="a">Sankt Michaelis Lüneburg / Kloster</subfield>
  </datafield>
  <datafield tag="990" ind1=" " ind2=" ">
   <subfield code="a">Geschichte</subfield>
  </datafield>
  <datafield tag="990" ind1=" " ind2=" ">
   <subfield code="a">Klosteranlage des ehemaligen Benediktinerklosters Sankt Michaelis</subfield>
  </datafield>
  <datafield tag="990" ind1=" " ind2=" ">
   <subfield code="a">Sankt Michaelis</subfield>
  </datafield>
  <datafield tag="990" ind1=" " ind2=" ">
   <subfield code="a">Architektur</subfield>
  </datafield>
  <datafield tag="990" ind1=" " ind2=" ">
   <subfield code="a">Ausstattung</subfield>
  </datafield>
  <datafield tag="990" ind1=" " ind2=" ">
   <subfield code="a">Geschichte</subfield>
  </datafield>
  <datafield tag="991" ind1=" " ind2=" ">
   <subfield code="a">Rezensiertes Werk</subfield>
  </datafield>
  <datafield tag="999" ind1=" " ind2=" ">
   <subfield code="a">KXP-PPN1030738041</subfield>
   <subfield code="e">4270170336</subfield>
  </datafield>
 </record>
</collection>
